| 000 | 00831nam a2200229Ii 4500 | ||
|---|---|---|---|
| 003 | JO-AjNU | ||
| 008 | 230605s9999||||xx |||||||||||||| ||und|| | ||
| 017 | _a2001/16172 | ||
| 020 | _a977-322-069-9 | ||
| 040 |
_aJO-AjNU _bara _erda _cJO-AjNU |
||
| 041 | _aara | ||
| 050 | 1 | 4 | _aDs89.J8.S3522 2002 |
| 100 | 3 |
_aتاليف عامر، سامية, _eauthor _98998 |
|
| 245 | 0 | 0 | _aالصليبيون في فلسطين: " جبيل - لبنان " |
| 250 | _aط1 | ||
| 264 | 3 | 1 | _aالقاهرة: عين للدراسات والبحزث الانسانية والاجتماعية، 2002 |
| 300 | _a179ص | ||
| 336 |
_atext _btxt _2rdacontent |
||
| 337 |
_aunmediated _bn _2rdamedia |
||
| 338 |
_avolume _bnc _2rdacarrier |
||
| 650 | 4 |
_aجيبيل ( لبنان) - تاريخ، الصليبيوت- تاريخ- العصور الوسطى _98999 |
|
| 999 |
_aA1075 _c4643 _d4643 |
||